Open Data Biblioteca Nacional de Portugal


República Portuguesa: Ministério da Cultura
Biblioteca Nacional de Portugal

Catálogo da BNP: acesso por Identificadores Unívocos
Registos Bibliográficos associados ao registo de autoridade

Etiqueta de registo: 00254nam 2200025 450
001 2288512
003 http://id.bnportugal.gov.pt/bib/catbnp/2288512
100 ## $a20260622d2025 k y0pory01030103ba
101 0# $aita$dpor$deng
102 ## $aPT
105 ## $ay m 001yy
106 ## $ar
200 1# $aImpacto da abordagem multidisciplinar em investigação clínica sobre o prognóstico cardiovascular dos utentes e qualidade de vida$fCarla Daniela Soares Pais$gorient. Flávio Nélson Fernandes Reis, Paulo Alexandre Carvalho Ferreira, Pedro Filipe Lopes Silva Monteiro
210 #9 $aCoimbra$c[s.n.],$d2025
215 ## $a286 p.$d30 cm
328 #1 $aTese dout. ciências da Saúde, Faculdade de Medicina da Universidade de Coimbra, 2025
700 #1 $aPais,$bCarla Daniela Soares$32001289
702 #1 $aReis,$bFlávio Nelson Fernandes$4727$3961499
702 #1 $aFerreira,$bPaulo Alexandre Carvalho$4727$32001290
702 #1 $aMonteiro,$bPedro Filipe Lopes da Silva,$f1972-$4727$31057357
801 #0 $aPT$bBN$gRPC
966 ## $lBN$mFGMON$x1
971 ## $cisantos$d20260622

OpendataBNP@bnportugal.pt | Mais informação sobre acesso aos dados BNP